Statistics for Lenny Kravitz Filmography

Click here to take the quiz!

General Stats

  • This quiz has been taken 3 times
    (1 since last reset)
  • The average score is 1 of 43

Answer Stats

TypeYearName% Correct
Film2013Lee Daniels' The Butler
100%
TV Film2001Being Mick
0%
TV Show2016Better Things
0%
TV Show2012Bizarre Foods America
0%
TV Show2014Circus Halligalli
0%
TV Show1993Dance Energy
0%
TV Show2010Entourage
0%
Documentary2014Holy Ghost
0%
Concert Film1994Lenny Kravitz: Alive from Planet Earth
0%
Short Film2011Lenny Kravitz Is Angry
0%
TV Special1995Lenny Kravitz: Live at Budokan, Tokyo 1995
0%
TV Special2008Lenny Kravitz: Live from the Riviera Theatre
0%
TV Special2002Lenny Kravitz: Opening Night Live
0%
TV Show1990London Underground
0%
Commercial1972Marx Toys
0%
TV Show2011Music Nuggets
0%
TV Show1991Peter's Pop Show
0%
Film2009Precious
0%
TV Show2004Rebelde
0%
TV Show2011Rock in Rio
0%
TV Show1993, 2001, 2002Saturday Night Live
0%
TV Show1993Saturday Zoo
0%
TV Show1995Scratchy & Co.
0%
Short Film2018Shark Week Aftermath: Landshark Attacks Up 4000%
0%
Film2022Shotgun Wedding
0%
TV Show2016, 2017Star
0%
TV Show2008Star Academy
0%
TV Show1997, 1998The Chris Rock Show
0%
Film2007The Diving Bell and the Butterfly
0%
Commercial2004The GAP
0%
Film2012The Hunger Games
0%
Film2013The Hunger Games: Catching Fire
0%
Film1998The Rugrats Movie
0%
TV Show2002The Simpsons
0%
FilmTBAThe Trainer
0%
TV Show2012The Voice: La Plus Belle Voix
0%
TV Show1996The White Room
0%
Documentary2012The World Is Watching: Making the Hunger Games
0%
TV Show2011The X Factor
0%
TV Show1991, 1993, 1999Top of the Pops
0%
TV Show1999Videotech
0%
Film2001Zoolander
0%
Film2016Zoolander 2
0%

Score Distribution

Percentile by Number Answered

Percent of People with Each Score

Your Score History

You have not taken this quiz since the last reset